Datum a čas kvízu
28
Celkem bodů
Celkový počet nahraných bodů na tomto kvízu bez doplňovacích otázek.
7.
Pořadí na kvízu
Konečné umístění týmu na tomto kvízu.
Zaznamenané odpovědi
| # | Otázka | Odpověď | Body | Výsledky |
|---|---|---|---|---|
| 1. | V sobotu před polednem zasahov... | divoké prase | 0 | |
| 2. | Hned dvě zastávky pražského MH... | Stranger Things | 1 | |
| 3. | Nečekaný odchod postihl Občans... | Martin Kuba | 0 | |
| 4. | Velké jméno oznámili pro příšt... | Calvin Harris | 0 | |
| 5. | Úspěšný týden zažily v evropsk... | 1C 2A 3D 4B | 1 | |
| 6. | Tento hrad najdete nedaleko Má... | Houska | 1 | |
| 7. | Přiřaďte naše CHKO k sídlům, k... | 1D 2A 3C 4B | 0 | |
| 8. | Pozorně se zakoukejte a napišt... | Ďáblova prdel | 1 | |
| 9. | Obchodní dům na obrázku budí s... | Jihlava, Prior | 0.5 | |
| 10. | Ve kterém krušnohorském městeč... | na Božím daru | 0 |